000 00390 a2200133 4500
001 ART_6365
005 20260410161825.0
008 260409a
245 1 0 _aRelación entre universidad y sector productivo
100 1 _aCarboni, Sandra
700 1 _aDelicio, Fabián
700 1 _aMaestromey, Marcelina
773 0 _tFACES
_g- Año 6, Nº 9 (set./dic. 2000)
_wREV5046
999 _c22737
_d22737